000 00587nam a2200181Ia 4500
008 151018s9999 xx 000 0 und d
082 _bRBASDV10445
_a891.463
100 _aभाऊ पाध्ये
245 _aहोमसिक ब्रिगेड
250 _b1
260 _bअमेय प्रकाशन पुणे
_c1974
300 _a194
600 _aभाऊ पाध्ये
630 _aहोमसिक ब्रिगेड
700 _aभाऊ पाध्ये
730 _aहोमसिक ब्रिगेड
942 _cBOOK
999 _c1012805
_d1012802